Statistics for One Direction Name That Song

Click here to take the quiz!

General Stats

  • This quiz has been taken 5,227 times
  • The average score is 10 of 15

Answer Stats

HintAnswer% Correct
...Lets go crazy, crazy, crazy 'till we see the sun...LIve While We're Young
98%
Oh, I just wanna take you anywhere that you like....Kiss You
91%
You'll never love yourself half as much as I love you...Little Things
88%
Do you remember summer '09?...Rock Me
86%
And I'm like OW! You're giving me a...Heart Attack
85%
Up in my head, i'm your boyfriend..but that's one thing you've already got...I Would
73%
Hole in the middle of my heart like a polo...Over Again
72%
One touch, and I was a believer, every kiss it gets a little sweeter...They Don't Know About Us
67%
Can't believe you're packing your bags...Summer Love
64%
Are we friends or are we more...Change My Mind
60%
Are you thinking of me? yeah....Last First Kiss
58%
She's addicted to the feeling of letting go....She's Not Afraid
58%
Baby you don't have to worry, i'll be coming....Back For You
54%
You're so pretty when you cry, when you cry, wasn't ready to hear you say good-bye...Nobody Compares
51%
You might've moved on but girl you should know...Still The One
43%

Score Distribution

Percentile by Number Answered

Percent of People with Each Score

Your Score History

You have not taken this quiz